00714nam a2200241 i 4500001001000000003000900010005001700019007000300036008004100039020001800080040003000098082002300128100003600151245005000187250001800237264005300255300002800308336002700336337003300363338002800396650002200424650002600446000025514DO-SdBNP20240530073928.0ta110217s2023 dr 000 0 spa d a9789945183191 aDO-SdBNPbspacBNPHUerda 4aRD861.5bT683a2221 aToribio, Andrésd1950-eautor10aAngustia de una pasión /cAndrés Toribio. a2a. edición aSanto Domingo :bImpresora Soto Castillo,c2023. a103 páginas ;c23 cm. 2rdacontentatextobtxt 2rdamediaasin mediaciónbn 2rdacarrieravolumenbnc 0aNovela dominicana 4aLiteratura dominicana